000 00369nam a22001457a 4500
003 MACL
005 20190604172512.0
008 190604b xxu||||| |||| 00| 0 eng d
040 _cMACL
100 _aSingh,Sharad
_975243
245 _aThe Life & Times of Ram Prasad Bismil
260 _aDelhi
_bSaint Joseph Pub.
_c2018
650 _aBiography
_975244
942 _2ddc
_cBK
999 _c60055
_d60055